|
|
|
|
| LEADER |
00708nam a2200205Ia 4500 |
| 001 |
CTU_35597 |
| 008 |
210402s9999 xx 000 0 und d |
| 020 |
|
|
|b 60.000đ
|
| 082 |
|
|
|a 616.1
|
| 082 |
|
|
|b S309/T2
|
| 100 |
|
|
|a Phạm Nguyễn Vinh...[et al.]
|
| 245 |
|
0 |
|a Siêu âm tim và bệnh lý tim mạch; T2
|
| 245 |
|
0 |
|b Bệnh van tim, bệnh động mạch vành và các loại bệnh tim khác
|
| 245 |
|
0 |
|c Phạm Nguyễn Vinh...[et al.]
|
| 260 |
|
|
|a Tp. HCM
|
| 260 |
|
|
|b Y Học
|
| 260 |
|
|
|c 1999
|
| 650 |
|
|
|a cardiovascular system - diseases - diagnosis,coronary heart disease
|
| 904 |
|
|
|i Minh, 000306
|
| 980 |
|
|
|a Trung tâm Học liệu Trường Đại học Cần Thơ
|